| 000 | 00481nam a2200145 4500 | ||
|---|---|---|---|
| 999 |
_c6808 _d6808 |
||
| 008 | 170429b xxu||||| |||| 00| 0 eng d | ||
| 022 | _a0119-9000 | ||
| 082 | _aDPer 641.505 C77 Jan-June 2013 v.13-14 | ||
| 245 | _aA taste of Shanghai at manila pen salon De Ning via Joseph Martin. | ||
| 260 |
_aPhilippines: _bUBM Medica, _c©Jan-June 2013. |
||
| 300 |
_av13 n12, pages 50-51: _billustrations; _c29 cm. |
||
| 500 | _aCook. | ||
| 650 | 0 |
_920629 _aBartending |
|
| 942 |
_2ddc _cPER |
||